1186 1209 1770 1403 1771 1289 1182 1205 1784 1876 1081 1540 1561 1136 1832 1568 1221 1141 1559 1287 1598 1253 1560 1585 1553 1451 1962 1033 1334 1078 1254 1183 1422 1467 1870 1312 1330 1246 1024 1232 1292 1212 1673 1776 1416 1172 1499 1146 1681 1903 1367 1017 1780 1587 1094 1382 1502 1640 1841 1182 1268 1927 1710 1689 1686 1941 1807 1751 1221 1390 1155 1703 1367 1833 1758 1464 1369 1794 1464 1469 1074 1203 1368 1467 1290 1906 1630 1103 1951 1204 1951 1735 1058 1398 1011 1672 1277 1967 1829 BCNSPRNW ULIB Ver.6.0+V

เปลี่ยนเป็นภาษาไทย

Change to English
 แสดงรายละเอียดบรรณานุกรม
  กลับหน้าหลัก

Brief Record : Get Marc (ISO 2709) : E-mail record : QR code < ปิดหน้าต่าง
LEADER : 00000nam 2200000uu 4500
001    13399124421
003     ULIB
008    150707s2547||||th 000 0 tha d
020    ^a9744659939
020    ^a9789744659934
060 04 ^aWQ15^bศ244ว
245 00 ^aศัพท์ :^bสูติศาสตร์และนรีเวชวิทยาสำหรับแพทย์พยาบาลและบุคคลากรสาธารณสุข =^bVocabulary in obstetrics andgynecology for doctors nurses and health officers /^cบรรณาธิการ,วรุณวรรณ ผาโคตร, สิรนาถ นุชนาถ, สมบรุณ์ บุณยเกียรติ
246 31 ^aVocabulary in obstetrics and gynecology for doctors nursesand health officers
250    ^aพิมพ์ครั้งที่ 1
260    ^aกรุงเทพ :^bบริษัทเค.เอส.พี.การพิมพ์จำกัด;^c2547
300    ^aก-ข, 418 ;^c19 ซม.
650  2 ^aDictionaries, Medical
650  2 ^aGynecology^vdictionaries
650  2 ^aObstetrics^vdictionaries
650  7 ^aแพทย์^vพจนานุกรม
650  7 ^aพยาบาล^vพจนานุกรม
650  7 ^aนรีเวชวิทยา^vพจนานุกรม
650  7 ^aสูติศาสตร์^vพจนานุกรม
700 0  ^aวรุณวรรณ ผาโคตร,^eบรรณาธิการ
700 0  ^aสิรนาถ นุชนาถ,^eบรรณาธิการ
700 0  ^aสมบรุณ์ บุณยเกียรติ,^eบรรณาธิการ
945    ^p199^l0^i15361
995    ^aทศพร
999    ^aทศพร เกษรทอง
รายการนี้ยังไม่มีแท็ก
คุณยังไม่ได้ล็อกอิน คุณสามารถมีกิจกรรมร่วมกับเว็บไซต์ได้ แต่ต้องล็อกอินก่อน ::
  ล็อกอิน

รายการสื่อสารสนเทศ

ลำดับที่ ประเภท เลขเรียก/บาร์โค้ด สถานที่ สถานะ
1. วิทยาศาสตร์การแพทย์ และสุขภาพ
วิทยาศาสตร์การแพทย์ และสุขภาพ
สถานะ=หนังสือเก่า
WQ15 ศ244ว ฉ.1 
  Barcode: 15361
ห้องสมุดวิทยาเขตนครสวรรค์
►หนังสือทั่วไป:l:General Books
บนชั้น

รายการใกล้เคียง
    หัวเรื่อง [Dictionaries, Medical]

BibComment


ยังไม่เคยถูกคอมเมนท์

คอมเมนท์ทรัพยากรรายการนี้
  คอมเมนท์: ศัพท์ สูติศาสตร..


 Copyright 2026. Bcnsprnw @Library